| 000 | 00413nam a2200169 a 4500 | ||
|---|---|---|---|
| 001 | 0000-9150 | ||
| 003 | ELIB.Books | ||
| 008 | 110520 1986 | ||
| 035 | _a(ELIB.Books)0000-9302 | ||
| 082 |
_a235 _bWin |
||
| 100 | _aWink, Walter | ||
| 245 | _aUnmaking the Power | ||
| 260 |
_bPhiladelphia; Fortress Press _c1986 |
||
| 650 | _aSalvation | ||
| 942 |
_2ddc _cBK |
||
| 998 |
_cbat _e2011-05-20 |
||
| 999 |
_c9150 _d9150 |
||